000 00723nam a2200217 i 4500
001 bgj
100 1 _aLARSEN-FREEMAN, Diane
245 1 0 _aTechniques and Principles in Language Teaching /
_cDiane Larsen-Freeman.
260 _aOxford :
_bOxford University Press,
_c2002
_aNew York.
300 _a189 pp :
_bill. ;
_c24 cm.
490 1 _aTeaching Techniques in English as a Second Language
504 _aBibliography p. XIII-XV.
650 9 _aEnglish language
_xStudy and teaching
_xForeign speakers
830 _aTeaching Techniques in English as a Second Language
020 _a0194355748
040 _cBPK
041 0 _aeng
920 _a0-19-435574-8
942 _cKS
008 s uk f |000 0 eng
999 _c48361
_d48361
856 _uhttp://koha.tu.koszalin.pl/cgi-bin/koha/opac-detail.pl?biblionumber=48361
_yKatalog online BPK